Countries of Africa at War - Statistics

General Stats
  • This quiz has been taken 19 times
  • The average score is 6 of 11
Answer Stats
Hint Answer % Correct
Government vs Western Sahara Morocco
82%
Government vs Niger Delta republic Nigeria
82%
Government vs Somaliland vs Al-Shabaab Somalia
82%
SAF vs RSF Sudan
71%
M23 and the Government Democratic Republic of the Congo
65%
Government vs Azawad Independence Movement vs Islamic State Mali
65%
Between the Government and Ambazonian separatist groups Cameroon
53%
Government vs the Movement of Democratic Forces of Casamance (MFDC) Senegal
41%
Between the Government and the Group for the Support of Islam and Muslims (JNIM) and the Islamic State in the Greater Sahara (ISGS) Burkina Faso
35%
the Coalition of Patriots for Change (CPC) against the Government Central African Republic
29%
Islamic state vs Goverment Mozambique
24%
No matching quizzes found
Score Distribution
Percent of People with Each Score
Percentile by Number Answered
Your Score History
You have not taken this quiz